Empleo rural, estado y políticas públicas en la región sur de Guatemala /

সংরক্ষণ করুন:
গ্রন্থ-পঞ্জীর বিবরন
প্রধান লেখক: Cardona, Rokael
সংস্থা লেখক: CSUCA, CIID SEGEPLAN
বিন্যাস: পাঠ‍্য
প্রকাশিত: San José: CSUCA. CIID. SEGEPLAN
ট্যাগগুলো: ট্যাগ যুক্ত করুন
কোনো ট্যাগ নেই, প্রথমজন হিসাবে ট্যাগ করুন!

MARC

LEADER 00000 a a2200000 04500
001 21025
003
040
090 |a 090600  
100 |a Cardona, Rokael  
110 |a CSUCA  
245 |a Empleo rural, estado y políticas públicas en la región sur de Guatemala /  |c CSUCA  
260 |a San José:   |b CSUCA. CIID. SEGEPLAN  
300 |a 369 p.  
710 |a CIID   |a SEGEPLAN  
999 |c 10678  |d 10678